The myths of Japanese quality

Uloženo v:
Podrobná bibliografie
Hlavní autor: Eberts, Ray
Médium: Kniha
Jazyk:Undetermined
Vydáno: London Prentice Hall 1995
Témata:
Tagy: Přidat tag
Žádné tagy, Buďte první, kdo otaguje tento záznam!
Thư viện lưu trữ: Trung tâm Học liệu Trường Đại học Cần Thơ
LEADER 00522nam a2200193Ia 4500
001 CTU_88583
008 210402s9999 xx 000 0 und d
082 |a 658.5 
082 |b E16 
100 |a Eberts, Ray 
245 4 |a The myths of Japanese quality 
245 0 |c Ray and Cindelyn Eberts 
260 |a London 
260 |b Prentice Hall 
260 |c 1995 
650 |a Quality control,Quality of products 
650 |z Japan,Japan 
904 |i Giang,Hải 
980 |a Trung tâm Học liệu Trường Đại học Cần Thơ